Hacker IV : wajah baru windows XP
| Main Author: | |
|---|---|
| Format: | Book |
| Language: | Malay |
| Published: |
Kuala Lumpur :
Kwei Information ,
c2003
|
| Subjects: |
MARC
| LEADER | 00000cam a2200000 7i4500 | ||
|---|---|---|---|
| 001 | 0000017000 | ||
| 005 | 20230530.0 | ||
| 008 | 060907 my may | ||
| 020 | |a 9861250425 (pbk) | ||
| 040 | |a INS | ||
| 090 | 0 | 0 | |a QA76.76.O63 |b .M6265 2003 |
| 100 | 1 | |a Micro, Spy | |
| 245 | 1 | 0 | |a Hacker IV : |b wajah baru windows XP |c Micro Spy |
| 260 | |a Kuala Lumpur : |b Kwei Information , |c c2003 | ||
| 300 | |a 1 v.(various pagings) : |b ill. ; |c 23 cm. | ||
| 650 | 0 | |a Computers | |
| 650 | 0 | |a Microsoft Windows (Computer file) | |
| 650 | 0 | |a Operating systems (Computers) | |
| 999 | |a 0000016920 |b BOOK |c Open Shelf |e Default branch | ||